Click to Translate - Greek - Statistics

General Stats
  • This quiz has been taken 5,940 times
  • The average score is 12 of 20
Answer Stats
Hint Answer % Correct
December Δεκέμβριος (Dekémvrios)
82%
Small Μικρό (Mikró)
79%
France Γαλλία (Gallía)
78%
Hour Ωρα (Ora)
75%
People Ανθρωποι (Anthropoi)
73%
No όχι (Ochi)
69%
Fear Φόβος (Fóvos)
67%
Love Αγάπη (Agápi)
64%
Sea Θάλασσα (Thálassa)
64%
Woman Γυναίκα (Gynaíka)
63%
Guitar Κιθάρα (Kithára)
61%
Finger Δάχτυλο (Dáchtylo)
57%
Tooth Δόντι (Dónti)
53%
Please παρακαλώ (Parakaló)
52%
Good Καλός (Kalós)
49%
Four Τέσσερα (Téssera)
45%
Tree Δέντρο (Déntro)
42%
Sorry Συγνώμη (Sygnómi)
40%
Today Σήμερα (Símera)
34%
Police Αστυνομία (Astynomía)
32%
No matching quizzes found
Score Distribution
Percent of People with Each Score
Percentile by Number Answered
Your Score History
You have not taken this quiz